青森県の難読地名 30コ - Statistics

General Stats
  • This quiz has been taken 34 times
  • The average score is 7 of 30
Answer Stats
漢字 回答 % Correct
弘前 ひろさき
97%
七戸 しちのへ
97%
奥入瀬 おいらせ
77%
階上 はしかみ
73%
撫牛子 ないじょうし
63%
田子 たっこ
60%
苫米地 とまべち
43%
舮作 へなし
40%
不魚住 うおすまず
37%
不習 ならわず
33%
くつわ
30%
合浦 がっぽ
17%
一日市 ひといち
13%
水喰 みずはみ
10%
易国間 いこくま
10%
後萢 うしろやち
10%
狼森 おいのもり
7%
王余魚沢 かれいざわ
7%
田面木 たものき
3%
犬落瀬 いぬおとせ
3%
雲谷 もや
3%
小比内 さんぴない
3%
奥戸 おこっぺ
3%
徒士町 かじしちょう
0%
数牛 かそし
0%
枋木 こぼのき
0%
鹿橋 ししぱし
0%
ふくべ
0%
さそう
0%
治部袋 じんば
0%
No matching quizzes found
Score Distribution
Percent of People with Each Score
Percentile by Number Answered
Your Score History
You have not taken this quiz